EVERY Minecraft Championship Participant - Statistics

General Stats
  • This quiz has been taken 185 times
    10 since last reset
  • The average score is 150 of 411
Answer Stats
Debut Participant Wins % Correct
MCC R2 4CVIT 2
100%
MCC 6 Dream 7
100%
MCC 6 Fruitberries 5
100%
MCC 6 GeorgeNotFound 5
100%
MCC R Jojosolos 4
100%
MCC 1 PeteZahHutt 4
100%
MCC 1 Ph1LzA 4
100%
MCC 20 Purpled 2
100%
MCC 7 Sapnap 8
100%
MCC 2 Technoblade 2
100%
MCC 15 5up 4
75%
MCC HH aCookieGod 0
75%
MCC R Aimsey 3
75%
MCC TREU AnsiChan 0
75%
MCC 15 Antfrost 5
75%
MCC 24 Antvenom 1
75%
MCC EC Aphmau 0
75%
MCC R2 Apokuna 0
75%
MCC R3 Ashswag 1
75%
MCC R3 AvidMC 0
75%
MCC 27 BaboAbe 1
75%
MCC 14 BadBoyHalo 4
75%
MCC R Bekyamon 2
75%
MCC R3 Block Facts 1
75%
MCC R Blushi 2
75%
MCC 31 CapitanGato 1
75%
MCC 1 CaptainPuffy 2
75%
MCC 1 CaptainSparklez 4
75%
MCC 11 ConnorEatsPants 0
75%
MCC TREU Couriway 0
75%
MCC 5 Cubfan135 3
75%
MCC 11 DanTDM 0
75%
MCC R DarkEyebrows 0
75%
MCC 27 DisguisedToast 0
75%
MCC 1 DrGluon 1
75%
MCC 20 ElainaExe 2
75%
MCC P22 Ethan Nestor 0
75%
MCC 4 FalseSymmetry 4
75%
MCC S4KO Feinberg 2
75%
MCC 27 FireBreathMan 3
75%
MCC 17 GeminiTay 4
75%
MCC HH GhostieFruit 1
75%
MCC 20 GoodTimesWithScar 3
75%
MCC 6 Grian 2
75%
MCC R3 HannahKate 0
75%
MCC 24 Hannahxxrose 3
75%
MCC 1 HBomb94 6
75%
MCC R Highkeyhateme 0
75%
MCC JJ Hrry 0
75%
MCC 27 ImpulseSV 2
75%
MCC BG InfiniteDrift 0
75%
MCC 1 InTheLittleWood 3
75%
MCC MU Ish13c 1
75%
MCC 27 ItzMasayoshi 0
75%
MCC 14 JackManifoldTV 0
75%
MCC P22 Jacksepticeye 0
75%
MCC 1 JackSucksAtLife 0
75%
MCC 4 James Charles 0
75%
MCC 27 James Marriott 0
75%
MCC 1 James Turner 0
75%
MCC P21 Jane Douglas 0
75%
MCC JJ Joe Hickson 0
75%
MCC CTW Jvckk 0
75%
MCC 1 KaraCorvus 2
75%
MCC 2 KatherineElizabeth 1
75%
MCC R3 KatieGoBrr 0
75%
MCC R Kier 0
75%
MCC 2 Krinios 2
75%
MCC 5 LaurenZSide 0
75%
MCC 1 LDShadowLady 0
75%
MCC R2 Legundo 0
75%
MCC TREU LexieMarie 0
75%
MCC P23 LilyPichu 0
75%
MCC 1 Michaelmcchill 3
75%
MCC R2 Midmysticx 0
75%
MCC R2 Millkberry 0
75%
MCC P23 Mysticat 1
75%
MCC 31 MythicalSausage 0
75%
MCC 10 Nihachu 0
75%
MCC R OwengeJuice 0
75%
MCC CTW Pangi 1
75%
MCC R3 Pearcups 0
75%
MCC 6 PearlescentMoon 2
75%
MCC R3 PrinceZam 1
75%
MCC 11 Quackity 1
75%
MCC R RAEHASRABIES 0
75%
MCC P25 Rainhoe 1
75%
MCC 15 Ranboo 1
75%
MCC 4 Rendog 1
75%
MCC BC Roscumber 0
75%
MCC 2 Seapeekay 4
75%
MCC 30 Shadoune666 4
75%
MCC 1 Shubble 5
75%
MCC 14 Skeppy 2
75%
MCC S4KO Skizzleman 0
75%
MCC 1 Smajor1995 9
75%
MCC S4KO SmallAnt1 0
75%
MCC 1 Smallishbeans 3
75%
MCC 1 SolidarityGaming 4
75%
MCC R Soupforeloise 0
75%
MCC R3 Squiddo 1
75%
MCC 3 TheOrionSound 3
75%
MCC 22 TinaKitten 0
75%
MCC JJ Tom Hazell 0
75%
MCC 2 TommyInnit 3
75%
MCC 9 Tubbo 1
75%
MCC P22 Valkyrae 0
75%
MCC 17 vGumiho 2
75%
MCC 1 Vikkstar123 1
75%
MCC 1 Vixella 0
75%
MCC 1 WilburSoot 2
75%
MCC P23 xChocobars 1
75%
MCC R xNestorio 1
75%
MCC R3 AbolishRegret 0
50%
MCC JJ AlexTheRambler 0
50%
MCC PY2 AQUINO 0
50%
MCC P24 Ava Tyson 0
50%
MCC 18 Awesamdude 2
50%
MCC TREU Aypierre 0
50%
MCC 34 BajanCanadian 0
50%
MCC 27 BDoubleO100 1
50%
MCC R Billzo 0
50%
MCC EC Blaustoise 0
50%
MCC R Boosfer 0
50%
MCC CTW Cambam010 1
50%
MCC CTW CastCrafter 0
50%
MCC TREU Coldified 0
50%
MCC TREU Cydonia 0
50%
MCC R Dev 0
50%
MCC 1 Eret 3
50%
MCC P25 Eskay 1
50%
MCC 33 EthosLab 0
50%
MCC BC Etoiles 0
50%
MCC TCC Fanfan 0
50%
MCC 22 FoolishGamers 1
50%
MCC TREU Fulham 0
50%
MCC 6 Fundy 1
50%
MCC 4 fWhip 3
50%
MCC 18 GeeNelly 0
50%
MCC P23 Guqqie 2
50%
MCC R3 HiImCC 0
50%
MCC 1 iHasCupquake 0
50%
MCC 27 iiTzTimmy 0
50%
MCC 1 iJevin 0
50%
MCC 12 Illumina 2
50%
MCC 5 Iskall85 0
50%
MCC TREU Jeremy Frieser 1
50%
MCC 4 JeromeASF 0
50%
MCC 11 KarlJacobs 2
50%
MCC 1 King Burren 2
50%
MCC 1 Kratzy 4
50%
MCC 1 KryticZeuz 1
50%
MCC P21 Lazarbeam 0
50%
MCC TREU LetsHugo 1
50%
MCC CTW LinkTijger 0
50%
MCC 2 Mini Muka 1
50%
MCC DD Mitzefy 0
50%
MCC P21 Muselk 0
50%
MCC JJ NanoKim 0
50%
MCC R2 NominalGravy 1
50%
MCC TREU nooreax 0
50%
MCC 31 OllieGamerz 2
50%
MCC R3 Plushy33 0
50%
MCC 10 Pokimane 0
50%
MCC 16 Ponk 2
50%
MCC BC Pressea 0
50%
MCC 15 PrestonPlayz 0
50%
MCC R2 Pyroscythe 0
50%
MCC 1 Quig 3
50%
MCC R Roseriie 0
50%
MCC R3 RoseThunder 0
50%
MCC TREU SandwichLord 1
50%
MCC 8 SB737 1
50%
MCC 1 ScotGriswold 0
50%
MCC P25 Sleepy 1
50%
MCC 17 Sneegsnag 3
50%
MCC 21 Snifferish 3
50%
MCC R SpeedSilver 1
50%
MCC R SpelledNik 0
50%
MCC 3 Steph0sims 0
50%
MCC P22 Sykkuno 0
50%
MCC 2 Sylvee 1
50%
MCC S4KO TangoTek 0
50%
MCC TREU TheGuill84 0
50%
MCC P22 VelvetIsCake 1
50%
MCC R2 WadeBox 1
50%
MCC 31 Wallibear 1
50%
MCC R3 Watermunch 0
50%
MCC TREU WichTiger 0
50%
MCC 12 Wisp 1
50%
MCC 1 Wolv21 0
50%
MCC P25 Xilefian 0
50%
MCC S4KO Xisumavoid 0
50%
MCC P23 ZombieCleo 0
50%
MCC R2 Aerington 0
25%
MCC TCC aldo_geo 0
25%
MCC R2 Allrich 0
25%
MCC R3 ArtemisAblaze 0
25%
MCC 10 Asnazum 0
25%
MCC P21 AyChristene 0
25%
MCC R3 BearsCancelled 0
25%
MCC JJ Bekkiboom 0
25%
MCC R2 Binnish 0
25%
MCC 3 Bitzel 1
25%
MCC JJ Bobawitch 0
25%
MCC 27 BoxBox 0
25%
MCC R3 CherriFire 0
25%
MCC S4KO ChilledChaos 1
25%
MCC P25 Cojomax99 0
25%
MCC TCC DeusAmir 0
25%
MCC JJ Dr. Simon Clark 0
25%
MCC P21 Ellen Rose 0
25%
MCC 9 F1NN5TER 2
25%
MCC TREU Fabo 0
25%
MCC P21 Farrantula 0
25%
MCC TREU FitMC 0
25%
MCC 1 FlorianFunke 0
25%
MCC ME Fred_Inc 0
25%
MCC P25 Gegy 0
25%
MCC R2 ggAcho 0
25%
MCC R3 Gigithepuppy 0
25%
MCC 3 GizzyGazza 2
25%
MCC P21 GoldenGlare 0
25%
MCC R2 Graecie 0
25%
MCC 4 Graser10 0
25%
MCC R3 Hydraticc 0
25%
MCC 10 iicbunny 0
25%
MCC R2 JHorse 0
25%
MCC 1 JoeyGraceffa 0
25%
MCC R2 KhaosKorps 1
25%
MCC 27 Kkatamina 0
25%
MCC P21 Kreekcraft 1
25%
MCC R Laqqy 0
25%
MCC JJ Lewis Brindley 1
25%
MCC 13 Ludwig 0
25%
MCC R3 Maezes 0
25%
MCC DD Marma1ade 0
25%
MCC TREU MathoX 0
25%
MCC 1 Matt Might 0
25%
MCC R MaxGGs 0
25%
MCC ME Mikagoated 1
25%
MCC P21 Mike Channell 0
25%
MCC R Mintsleaves 0
25%
MCC P24 Mogswamp 0
25%
MCC 1 NettyPlays 0
25%
MCC P21 PaintingRainbows 0
25%
MCC P23 Piso4 0
25%
MCC R2 P_izzato 0
25%
MCC 3 Plumbella 0
25%
MCC 12 Punz 3
25%
MCC R3 Queen_ov_drama 0
25%
MCC 1 Rafessor 0
25%
MCC JJ Ravs 0
25%
MCC JJ Rhiannon 0
25%
MCC R2 Richard Thornton 0
25%
MCC R Riiceandbeans 0
25%
MCC 8 RIPMika 0
25%
MCC 10 Roguskii 0
25%
MCC 2 RTGame 0
25%
MCC P23 Ryan Higa 0
25%
MCC 1 RyGuyRocky 2
25%
MCC R2 Sarahsera 0
25%
MCC ME Sarahtonin 0
25%
MCC R3 Scuffed_Sushi 0
25%
MCC TREU Serpias 0
25%
MCC BC SettingSunset 0
25%
MCC JJ Simon Lane 1
25%
MCC TREU Skyyart 0
25%
MCC 19 Slimecicle 0
25%
MCC PY2 Soarinng 0
25%
MCC P21 Sqaishey 0
25%
MCC TRSD Steven Suptic 1
25%
MCC R2 TaneeshaHogan 0
25%
MCC 1 TankMatt 0
25%
MCC 8 TapL 2
25%
MCC R3 WithMayX 0
25%
MCC TREU Wolfeei 1
25%
MCC R3 Wondernat 0
25%
MCC 1 Yammyxox 0
25%
MCC R YelloWool 0
25%
MCC R Yoshinom 0
25%
MCC JJ Zoey Proasheck 0
25%
MCC ME Amir1107 0
0%
MCC 1 BBPaws 0
0%
MCC JJ Bedgar 0
0%
MCC ME Blad_d 0
0%
MCC JJ Bouphe 0
0%
MCC JJ Breeh 0
0%
MCC JJ BrionyKay 0
0%
MCC R BrunoDanUy 0
0%
MCC R2 Bubblebrooke 0
0%
MCC ME ByTobi 0
0%
MCC R Caitees 0
0%
MCC R2 Calolinda 0
0%
MCC R2 Caramello 0
0%
MCC JJ Checkpoint 0
0%
MCC 10 Chiffoi 0
0%
MCC JJ ChippyGaming 0
0%
MCC R3 Chunk Purse 0
0%
MCC R3 CodeNeon 0
0%
MCC R3 CozyCrafted 0
0%
MCC JJ Craig Frost 0
0%
MCC 3 Cxlvxn 0
0%
MCC JJ Daltos 0
0%
MCC ME Deadston3 0
0%
MCC R3 Defectt 0
0%
MCC ME Dimeax 0
0%
MCC ME DqrkArcher 0
0%
MCC P21 DraconiteDragon 0
0%
MCC JJ Duncan 0
0%
MCC ME Einm4nu 0
0%
MCC ME Felikah 0
0%
MCC ME Fensti 0
0%
MCC JJ Fionn Riches 0
0%
MCC ME Flentrox 1
0%
MCC ME Fuxelbau 0
0%
MCC R3 garlicmint 0
0%
MCC JJ Geestar 0
0%
MCC R2 Ginerous 0
0%
MCC ME GoatedFenris 0
0%
MCC R Golemell 0
0%
MCC R3 Graaavel 0
0%
MCC R Guggle 0
0%
MCC ME Hellschwarz 0
0%
MCC ME Huytastic 0
0%
MCC R3 ImaShep 0
0%
MCC R2 Inditorias 0
0%
MCC ME Inmiste 0
0%
MCC P21 ItsFunneh 0
0%
MCC 10 ItsJustOriah 0
0%
MCC R J3nnalive 0
0%
MCC 1 Jameskii 0
0%
MCC 1 JCTheCaster 0
0%
MCC 2 Jestanii 0
0%
MCC CTW JLTomy 0
0%
MCC ME Jonsman 0
0%
MCC ME Ju5tnele 0
0%
MCC R KendraSoup 0
0%
MCC R KingOfArchers 0
0%
MCC R2 Kristina 0
0%
MCC R3 LaKitty101 0
0%
MCC JJ Leozaur 0
0%
MCC R2 Lincu 0
0%
MCC R2 LOKIOLR 0
0%
MCC ME Luucaalol 1
0%
MCC R3 LydRay18 0
0%
MCC R2 Lynrose 0
0%
MCC R3 LynxyLiam 0
0%
MCC JJ M4NG0 0
0%
MCC R MakoInari 0
0%
MCC R Marbar X 0
0%
MCC 3 Marielitai 0
0%
MCC JJ Mark Hulmes 0
0%
MCC R2 Marki Sparki 0
0%
MCC 2 Mefs 0
0%
MCC R Mejoraas 0
0%
MCC ME Minooo99_ 0
0%
MCC ME MinusElf 0
0%
MCC R3 Misfitclover 0
0%
MCC R Mizzrowe 0
0%
MCC JJ Mousie 0
0%
MCC R MrBeardstone 0
0%
MCC ME Mskd28 0
0%
MCC R Musicman1017 0
0%
MCC ME Neneli_ 0
0%
MCC R Nicacola 0
0%
MCC JJ NinaSerena 0
0%
MCC R2 NomadOfTheWorld 1
0%
MCC R2 NotNotBrock 0
0%
MCC R2 Olivesleepy 0
0%
MCC JJ Osiefish 0
0%
MCC R3 Paeadams 0
0%
MCC ME Papaplatte 0
0%
MCC 10 PEARLBYTEZ 0
0%
MCC JJ Pedguin 0
0%
MCC R2 Peeporp 0
0%
MCC R3 Rubyco 0
0%
MCC R3 Rusty_Courage 0
0%
MCC JJ Rythian 0
0%
MCC CTW Saiiren 0
0%
MCC ME Sakurayy 0
0%
MCC ME Schmilley 0
0%
MCC ME Schmobin 0
0%
MCC R2 Shadowatnoon 0
0%
MCC ME SimplyFuse 0
0%
MCC R2 Sinaheh 0
0%
MCC R3 Sinnabuns 0
0%
MCC ME Snowfeather25 0
0%
MCC R2 Spelda 0
0%
MCC 9 Spifey 0
0%
MCC R SpoinkTV 0
0%
MCC JJ SquidGaming 0
0%
MCC R Stemister 0
0%
MCC 1 Strawburry17 0
0%
MCC R2 SwitchBackMongo 0
0%
MCC JJ The Spiffing Brit 0
0%
MCC R3 TibbyCaps 0
0%
MCC ME Tjan 0
0%
MCC 2 ToxxxicSupport 0
0%
MCC ME TriDan 0
0%
MCC P25 Ulraf 0
0%
MCC 10 uwuCorbin 0
0%
MCC R3 vintage_applesauce 0
0%
MCC 3 VoiceOverPete 0
0%
MCC ME Vullco 0
0%
MCC R2 WendyJr 0
0%
MCC ME X_SUS 0
0%
MCC ME Yami 0
0%
MCC 10 Yeetdaisie 0
0%
MCC R Yomikester238 0
0%
MCC JJ Zylus 0
0%
No matching quizzes found
Score Distribution
Percent of People with Each Score
Percentile by Number Answered
Your Score History
You have not taken this quiz since the last reset